| 000 | 00483nam a2200205Ia 4500 | ||
|---|---|---|---|
| 008 | 170918s9999 xx 000 0 und d | ||
| 020 | _a9780531251522 | ||
| 050 | _bF816 2013 | ||
| 100 | _aFranchino, Vicky | ||
| 245 | _aArctic foxes / | ||
| 245 | _cVicky Franchino. | ||
| 260 | _aNew York : | ||
| 260 | _bChildren's Press, | ||
| 260 | _c2013 | ||
| 300 | _a48 pages : | ||
| 300 | _bcolored illustration ; | ||
| 300 | _c21cm. | ||
| 440 | _aA true book. | ||
| 500 | _a1020 | ||
| 999 |
_c342318 _d342318 |
||